000 003360000a22001450004500
005 20120302064030.0
942 _cBOOK
100 _a Wickesherg,Albert K.
245 _a Management Organization
260 _aBombay:The Times of India press,1970.
300 _axiii,233p.
040 _aEng
365 _b4/-
650 _aOrganization
999 _c361100
_d361097